000 00474nam a2200181Ia 4500
003 GCL
008 140319s9999 xx 000 0 eng d
040 _aGCL /
_cGCL
082 0 4 _a704.38PA
100 1 _aPALLITT,J.J.
245 1 0 _aART IN THE HELLEVIS TIC AGE /
_cPALLITT,J.J.
260 _a[S.N] :
_bCAMBRIBGE UNIVERSITY PRESS ،
_c1993
300 _a329
650 0 4 _aART GREEK HISTORY
650 0 4 _aART ROMAN HISTORY
650 0 4 _aART HELLENISTIC
942 _2ddc
_cBK
999 _c11624
_d11624